007250000a22003130004500500002100000650001200021650002900033650001600062650001900078650002100097651001000118651001500128651001100143651001000154651001100164651001400175651001000189651001100199082002300210518001100233530000600244100002100250245006700271260002700338260000900365041000800374300001500382365001400397 aNepal:p. 312-326 aCulture aTribes and tribal system aSocial life aSocial customs aCultural history aIndia aAfganistan aBhutan aBurma aCeylon aSri Lanka aNepal aTibet  a301.2954bH183tcN a940110 aM aHammerton, J. A. aTribes, races and cultures of India and neighbouring countries aNew DelhibMittal Pub. c1984 aEng aviii,360p. aRs.507.00